000 00463nam a2200169Ia 4500
005 20250423100657.0
008 250422s9999 xx 000 0 und d
020 _a1855645262
050 _aHD 69.P75 .S37/
100 _aSapte, Wilde
245 0 _aProject finance: the guide to financing build-operate-transfer projects
260 _bEuromoney Publications Plc
260 _c1997
300 _a139 p
650 _aProject management--Finance.
942 _cBK
999 _c34029
_d34029